000 00502nam a2200169Ia 4500
008 210719s1969 xx 000 0 und d
020 _a132918153
041 _aeng
082 _a658.403 WALE
100 _aWALTON (Clarence C)
245 _aEthos and the executive: values in managerial decision making.
260 _aNew Jersey.
_bPrentice Hall.,
_c1969
300 _axiii,267
_bPB
365 _cRs
650 _aExecutive Management
906 _aEthos Executive Values Managerial Decision Making
999 _c212440
_d212440